MARC

LEADER 00000nam0a2200000 4500
001 272543
005 20231101234538.0
035 |a (RuTPU)RU\TPU\book\295750 
090 |a 272543 
100 |a 20141020d1986 km y0rusy50 ca 
101 0 |a rus 
102 |a RU 
105 |a y g 001zy 
200 1 |a Геологический справочник по легким литофильным редким металлам  |f Н. А. Солодов, В. В. Бурков, Л. Н. Овчинников  |g под ред. Н. П. Лаверова 
210 |a Москва  |c Недра  |d 1986 
215 |a 288 с.  |c ил. 
320 |a Библиогр.: с. 281-282 
320 |a Указатель минералов: с. 283-284 
606 1 |a Редкие металлы  |x Месторождения  |2 stltpush  |3 (RuTPU)RU\TPU\subj\24210  |9 48623 
610 1 |a литий 
610 1 |a минералогия 
610 1 |a геохимия 
610 1 |a рудные формации 
610 1 |a минерагения 
610 1 |a прогнозирование 
610 1 |a поиски 
610 1 |a руды 
610 1 |a обогащение 
610 1 |a рубидий 
610 1 |a цезий 
610 1 |a бериллий 
610 1 |a стронций 
610 1 |a экономика 
675 |a 553.493.5(035)  |v 3 
700 1 |a Солодов  |b Н. А.  |g Николай Алексеевич 
701 1 |a Бурков  |b В. В.  |g Владимир Викторович 
701 1 |a Овчинников  |b Л. Н.  |g Лев Николаевич 
702 1 |a Лаверов  |b Н. П.  |4 340 
801 1 |a RU  |b 63413507  |c 20141020 
801 2 |a RU  |b 63413507  |c 20170317  |g RCR 
942 |c BK